| 000 | 01139cam a22002054a 4500 | ||
|---|---|---|---|
| 005 | 20250605164103.0 | ||
| 008 | 250528s ||||||||||||||||||||||||d | ||
| 035 | _a17625 | ||
| 020 | _a9780750680837 | ||
| 040 |
_aGR-AtMCL _bgre _dGR-AtMCL _eAACR2 |
||
| 245 | 1 | _aEngineering Science / Fifth Edition | |
| 250 | _a5th | ||
| 260 |
_bElsevier - Newnes, _c2006 |
||
| 300 | _a434 | ||
| 520 | _aThe most comprehensive engineering science text available - fully in line with the latest pre-degree course requirements. Preface, Basics, Statics, Stress and Strain, Linear Motion, Angular Motion, Dynamics, Energy, Heat, D.c. Circuits, Magnetism, Engineering Systems, Circuit Analysis, Semiconductors, Capacitance, Magnetic Flux, Alternating Current, Series a.c. Circuits, D.c. Circuit Analysis, D.c. Machines, Transients Parallel a.c. Circuits, Three-Phase a.c., Structures, Beams, Components, Circular Motion, Mechanical Power Transmission, Structural Members, Frictional Resistance, Angular Dynamics, Oscillations, Appendix: Calculus, Answers, Index. | ||
| 700 | 1 |
_aBolton William _93815 |
|
| 942 | _cBK | ||
| 999 |
_c3028 _d3028 |
||